| 000 | 00688nam a2200277Ia 4500 | ||
|---|---|---|---|
| 005 | 20250425162159.0 | ||
| 008 | 250425s9999 xx 000 0 und d | ||
| 020 | _a847738097X | ||
| 041 | _aspa | ||
| 043 | _asp | ||
| 082 | _a658.15937 | ||
| 100 | _aCERRA, JAVIER | ||
| 245 | 0 | _aGESTION DE PRODUCCION DE ALOJAMIENTOS Y RESTAURACION | |
| 250 | _a1A ED. | ||
| 260 |
_aEspaƱa _bSINTESIS _c1997 |
||
| 260 | _aMADRID | ||
| 300 | _a552 | ||
| 650 | _aALOJAMIENTOS | ||
| 650 | _aGESTION DE HOTELES | ||
| 650 | _aRESTAURANTES, HOTELES Y SERVICIOS | ||
| 700 | _aDORADO, JOSE ANTONIO | ||
| 700 | _aESTEPA, DIEGO | ||
| 700 | _aGARCIA, PEDRO | ||
| 942 | _c01 | ||
| 010 | _a54569 | ||
| 999 |
_c223967 _d223967 |
||